000 00825nab a22002417a 4500
001 10975
003 HDC
007 cr bn ---aaaaa
008 210128c20141122my ||||o |||| 00| 00eng d
040 _aHDC
100 _aYenko, Athena,
_eauthor
_911195
245 0 _aBoycott Halal In Australia:
_bProducts Are Funding Terrorism, MP Christensen Alleges /
_cAthena Yenko
336 _atext
_2rdacontent
337 _acomputer
_2rdamedia
338 _aonline resource
_2rdacarrier
650 _aCrisis
_99579
650 _aHalal food industry
_9128
710 _aInternational Business Times
856 _zRequest full-text at [email protected]
942 _2lcc
942 _cNEWS
942 _kNWSO 001462
999 _c8298
_d8298